01797nam a2200421 i 45000010008000000030009000080050017000170070003000340080041000370200018000780400021000960410013001170720063001300800017001930800022002100800019002321000029002512400025002802450085003052460016003902500023004062640024004293000070004535000022005235000059005455000044006045200463006486550016011116550013011276550038011406550022011786550026012006550036012267000033012627000032012957100032013277650016013595234056CZ PrSKC20260428082335.0ta260423s2026 xr a a 000 u cze  a9788027529308 aABG001bczeerda1 aczehpol 7a821-93-053.4xLiteratura pro nejmenší děti2Konspekt a821-1932MRF a821-93-053.42MRF a(0.025.2)2MRF1 aPlebański, Tomasz4aut10aZasypianka.lČesky10aRok v lese Uspávanka /pUspávanka /cTomasz Plebański, Emilia Dziubaková30aUspávanka aPrvní vydání 1aBrno :bHost,c2026 a26 nečíslovaných stran :bbarevné ilustrace ;c17 x 20 cm aKartonové listy aText Tomasz Plebański, ilustrace Emilia Dziubaková aZ polštiny přeložil Michael Alexa2 aObrázková knížka s celostránkovými ilustracemi na pevných listech, o putování malého ptáčka lesem, pro všechny děti ke klidnému usínání.bZvídavá straka prochodí celý les, aby nakoukla do všech pelíšků se spícími zvířátky, až se i jí nakonec začnou klížit očka. Zábavná veršovánka k usínání tematicky navazuje na oblíbenou knihu od stejné ilustrátorky: Rok v lese. 7aříkadla 7aleporela 7apublikace pro nejmenší děti 9achildren's poetry 9afolding picture-books 9apublications for small children1 aDziubak, Emilia,d1982-4ill1 aAlexa, Michael,d1989-4trl2 aHost (vydavatelství)4pbl1 tRok w lesie